00940nam a2200181 i 450000100060000000300090000600500170001500700030003200800410003510000450007624500620012126000510018330000310023450503090026553000350057485200230060985601260063243515ES-MaACL20250904063046.0t|030318s1887 sp ||||1| spa d1 aCastro y Serrano, José de, d1828-189610aHistorias vulgares / cpor D. José de Castro y Serrano. aMadrid : b[s.n.], c1887 (fImp. de Fortanet) a2 v. (383 ; p.) ; c21 cm.8 aContiene: I. Juan de Sidonia ; Antonio Sánchez ; Lorenzo Gómez ; Carmen la de Fortuny ; El brigadier Fernández ; Las estanqueras de San Fernando - II. La capitana Cook ; El tesoro morisco ; Luisa ; Vicente ; La madre feliz ; Petronila ; Dolores ; Un drama chico ; Historia de un alma ; El frac azul aDisponible en formato digital.4 aES-MaACLjG-826-274 uhttp://www.bibliotecavirtualdeandalucia.es/catalogo/es/consulta/registro.do?id=1014690zBiblioteca Virtual de Andalucía